Managing innovation : integrating technological, market and organizational change

Bibliographic Details
Main Authors: Tidd, Joseph (Author), Bessant, J. R. (Author)
Format: Book
Language:English
Published: Hoboken : Wiley 2021
Edition:Seventh Edition
Subjects:

MARC

LEADER 00000cam a2200000 7i4500
001 0000030069
005 20241202.0
008 220920 njua eng
020 |a 9781119713302 
040 |a INS   |b eng   |e rda 
090 0 0 |a HD31   |b .T614 1997 
100 0 |a Tidd, Joseph ,   |e author 
245 1 0 |a Managing innovation :   |b integrating technological, market and organizational change   |c Joe Tidd, Science Policy Research Unit (SPRU), University of Sussex, UK, John Bessant, Business School, University of Exeter, UK 
250 |a Seventh Edition 
264 1 |a Hoboken :   |b Wiley   |c 2021 
300 |a xix, 594 :   |b colour illustrations ;   |c 26 cm. 
336 |a text  |2 rdacontent 
337 |a unmediated  |2 rdamedia 
338 |a volume  |2 rdacarrier 
500 |a Includes index 
650 0 |a Industrial management 
650 0 |a Organizational change 
650 0 |a Technological innovations 
650 0 |a Technological innovations   |x Management 
700 1 |a Bessant, J. R. ,   |e author 
999 |a 1000004569   |b BOOK   |c Open Shelf   |e Default branch